000 00864cab a2200229 4500
001 WB2643-06
008 090401t1990 xxu||||| |||| 00| 0 eng d
035 _a(Sirsi) u9148
041 _aeng
245 _aIncreasing demand for small freehold offices
260 _c1990
350 _a0
490 _aHerring Son & Daw Press Release
_v24 October 1990 3 pages
520 _aHerring Son & Daw reports on an emerging market for small freehold office suites between 500 and 5000 sq ft. Many tenants in the West End of London facing rent reviews and lease renewals are considering relocation s to areas to the west of London.
650 _aBUSINESS TENANCIES
650 _aM25
650 _aPROPERTY-COMMERCIAL PROPERTY-OFFICE PROPERTY-OFFICE PROPERTY MARKET
650 _aUBR
690 _aPROPERTY-COMMERCIAL PROPERTY
942 _n0
948 _c04/03/1997
999 _c5674
_d5674